书目信息 |
| 题名: |
胡适研究论稿
|
|
| 作者: | 耿云志 编著 | |
| 分册: | ||
| 出版信息: | 北京 社会科学文献出版社 2007.04 |
|
| 页数: | 396页 | |
| 开本: | 24cm | |
| 丛书名: | 中国社会科学院文库 | |
| 单 册: | ||
| 中图分类: | K825.4 | |
| 科图分类: | ||
| 主题词: | 思想家--si xiang jia--人物研究 | |
| 电子资源: | ||
| ISBN: | 978-7-80230-421-5 | |
| 000 | 00939nam 2200265 450 | |
| 001 | 012007000000 | |
| 005 | 20080909154824.29 | |
| 010 | @a978-7-80230-421-5@dCNY55.00 | |
| 100 | @a20070423d2007 em y0chiy0121 ea | |
| 101 | 0 | @achi |
| 102 | @aCN@b110000 | |
| 105 | @ay z 000yy | |
| 200 | 1 | @a胡适研究论稿@Ahu shi yan jiu lun gao@f耿云志编著 |
| 210 | @a北京@c社会科学文献出版社@d2007.04 | |
| 215 | @a396页@d24cm | |
| 225 | 2 | @a中国社会科学院文库@Azhong guo she hui ke xue yuan wen ku@i历史考古研究系列 |
| 330 | @a本书对胡适的生平活动有扼要、有系统地进行记述;对其政治态度、思想主张,以及学术与教育等方面的贡献,都作了全面的揭示和辨证的分析。 | |
| 410 | 0 | @12001 @a中国社会科学院文库@i历史考古研究系列 |
| 600 | 0 | @a胡适@Ahu shi,@f1891-1962@x人物研究 |
| 606 | 0 | @a思想家@Asi xiang jia@x人物研究 |
| 690 | @aK825.4@v4 | |
| 701 | 0 | @a耿云志@Ageng yun zhi@4编著 |
| 801 | 0 | @aCN@c20080909 |
| 905 | @dK825.4@eG336 | |
| 999 | @aCYP | |
| 胡适研究论稿/耿云志编著.-北京:社会科学文献出版社,2007.04 |
| 396页;24cm.-(中国社会科学院文库.历史考古研究系列) |
| ISBN 978-7-80230-421-5:CNY55.00 |
| 本书对胡适的生平活动有扼要、有系统地进行记述;对其政治态度、思想主张,以及学术与教育等方面的贡献,都作了全面的揭示和辨证的分析。 |
| ● |
| 相关链接 |
|
|
|
正题名:胡适研究论稿
索取号:K825.4/G336
 
预约/预借
| 序号 | 登录号 | 条形码 | 馆藏地/架位号 | 状态 | 备注 |
| 1 | 677212 | 206772125 | 社科库309/309社科库 49排5列5层/ [索取号:K825.4/G336] | 在馆 | |
| 2 | 677213 | 206772134 | 社科库309/309社科库 49排5列5层/ [索取号:K825.4/G336] | 在馆 | |
| 3 | 677214 | 206772143 | 社科库309/309社科库 49排5列5层/ [索取号:K825.4/G336] | 在馆 |